Statistics for England Couties Capital Quiz Including other UK Capitals

Click here to take the quiz!

General Stats

  • This quiz has been taken 39 times
  • The average score is 22 of 53

Answer Stats

HintAnswer% Correct
EnglandLondon
97%
City of LondonLondon
97%
CambridgeshireCambridge
84%
Tyne and WearNewcastle
84%
Greater ManchesterManchester
81%
WalesCardiff
78%
ScotlandEdinburgh
78%
Northern IrelandBelfast
75%
OxfordshireOxford
75%
BristolBristol
72%
MerseysideLiverpool
69%
DevonExeter
66%
LinconshireLincoln
66%
WorcestershireWorcester
66%
West MidlandsBirmingham
63%
ChesireChester
63%
SuffolkIpswich
63%
CornwallTruro
63%
BerkshireReading
59%
NorthamptonshireNorthampton
56%
WarwickshireWarwick
56%
CumbriaCarlisle
53%
South YorkshireSheffield
53%
StaffordshireStafford
50%
Isle of ManDouglas
44%
HertfordshireHertford
41%
ShropshireShrewsbury
38%
GuernseySt Peter Port
38%
BedfordshireLuton
34%
KentMaidstone
31%
Isle of WightNewport
31%
HampshireWinchester
31%
LancashirePreston
28%
SomersetTaunton
28%
EssexChelmsford
25%
County DurhamDarlington
19%
RutlandOakham
19%
BuckinghamshireAylesbury
16%
NorthumberlandMorpeth
16%
DorsetPoole
16%
East SussexLewes
13%
DerbyshireMatlock
13%
North YorkshireNorthallerton
13%
WiltshireTrowbridge
13%
East Riding of YorkshireBeverley
9%
LeicestershireGlenfield
6%
SurreyKingston Upon Thames
6%
GloucestershireGlourcester
3%
Greater LondonBorough of Newham
0%
NottinghamshireBridgford
0%
HerefordshireEwyas Harold
0%
JerseySt Herlier
0%
NorfolkThorpe St Andrew
0%

Score Distribution

Percentile by Number Answered

Percent of People with Each Score

Your Score History

You have not taken this quiz